AC Milan Current Squad - Statistics

General Stats
  • This quiz has been taken 3,071 times
    1,801 since last reset
  • The average score is 17 of 35
Answer Stats
# Player % Correct
10 Rafael Leão
94%
16 Mike Maignan
87%
19 Théo Hernandez
84%
11 Christian Pulisic
83%
9 Olivier Giroud
83%
23 Fikayo Tomori
79%
2 Davide Calabria
77%
4 Ismaël Bennacer
66%
8 Ruben Loftus-Cheek
66%
20 Pierre Kalulu
60%
Head Coach Stefano Pioli
60%
14 Tijjani Reijnders
59%
28 Malick Thiaw
58%
24 Simon Kjær
58%
42 Alessandro Florenzi
51%
15 Luka Jović
50%
17 Noah Okafor
50%
46 Matteo Gabbia
49%
80 Yunus Musah
49%
21 Samuel Chukwueze
48%
7 Yacine Adli
48%
57 Marco Sportiello
46%
33 Rade Krunić
41%
83 Antonio Mirante
37%
32 Tommaso Pobega
33%
56 Alexis Saelemaekers
31%
5 Fodé Ballo-Touré
26%
90 Charles De Ketelaere
22%
18 Luka Romero
22%
70 Chaka Traorè
21%
27 Divock Origi
21%
69 Lapo Nava
21%
30 Mattia Caldara
19%
31 Marco Pellegrino
18%
22 Marko Lazetić
10%
No matching quizzes found
Score Distribution
Percent of People with Each Score
Percentile by Number Answered
Your Score History
You have not taken this quiz since the last reset